Scherzkommunikation linquistisch betrachtet

Prednáška profesora Dr. Ernsta Diesera na tému zábavnej komunikácie z lingvistického pohľadu. Prednáška sa konala 17.4.2019 na Ekonomickej univerzite v Bratislave.

Salvato in:
Dettagli Bibliografici
Autore principale: Adamcová, Silvia, 1984-
Natura: Capitolo di libro
Lingua:tedesco
Soggetti:
Tags: Aggiungi Tag
Nessun Tag, puoi essere il primo ad aggiungerne!!

MARC

LEADER 00000naa a2200000 4500
001 0259987
005 20240502083741.8
041 0 |a ger 
044 |a DE 
245 1 0 |a Scherzkommunikation linquistisch betrachtet  |c Silvia Adamcová 
520 |a Prednáška profesora Dr. Ernsta Diesera na tému zábavnej komunikácie z lingvistického pohľadu. Prednáška sa konala 17.4.2019 na Ekonomickej univerzite v Bratislave. 
610 2 0 |a jazyky cudzie 
610 2 0 |a rétorika 
610 2 0 |a komunikácia 
610 2 0 |a nemčina 
610 2 0 |a jazykoveda 
100 1 |a Adamcová, Silvia, 1984-